Πατήστε τις Περιφερειακές Ενότητες της Ελλάδας - Statistics

General Stats
  • This quiz has been taken 18 times
  • The average score is 32 of 75
Answers on the Map
Answers color-coded by a green-red scale on the quiz's map according to % correct below.
 
Answer Stats
Answer % Correct
Αγίου Όρους
86%
Αιτωλίας-Ακαρνανίας
86%
Αχαΐας
71%
Θεσσαλονίκης
71%
Ιωαννίνων
71%
Καβάλας
71%
Λάρισας
71%
Λασιθίου
71%
Νάξου
71%
Ροδόπης
71%
Χαλκιδικής
71%
Αρκαδίας
57%
Δράμας
57%
Έβρου
57%
Ευβοίας
57%
Ηλείας
57%
Θάσου
57%
Καρπάθου-Κάσου
57%
Κορινθίας
57%
Λακωνίας
57%
Μαγνησίας
57%
Ξάνθης
57%
Πάρου
57%
Ρόδου
57%
Φωκίδας
57%
Χίου
57%
Αργολίδας
43%
Βοιωτίας
43%
Ευρυτανίας
43%
Ηρακλείου
43%
Ικαρίας
43%
Κέας-Κύθνου
43%
Κέρκυρας
43%
Κεντρικού Τομέα Αθηνών
43%
Λευκάδας
43%
Μήλου
43%
Μεσσηνίας
43%
Μυκόνου
43%
Πρέβεζας
43%
Ρεθύμνης
43%
Σποράδων
43%
Τήνου
43%
Τρικάλων
43%
Φλώρινας
43%
Χανίων
43%
Άνδρου
29%
Άρτας
29%
Ανατολικής Αττικής
29%
Βορείου Τομέα Αθηνών
29%
Γρεβενών
29%
Ημαθίας
29%
Θήρας
29%
Θεσπρωτίας
29%
Καλύμνου
29%
Καρδίτσας
29%
Κεφαλληνίας
29%
Κιλκίς
29%
Κω
29%
Λέσβου
29%
Νοτίου Τομέα Αθηνών
29%
Πειραιώς
29%
Σάμου
29%
Σερρών
29%
Φθιώτιδας
29%
Δυτικής Αττικής
14%
Δυτικού Τομέα Αθηνών
14%
Ζακύνθου
14%
Ιθάκης
14%
Καστοριάς
14%
Κοζάνης
14%
Λήμνου
14%
Νήσων
14%
Πιερίας
14%
Σύρου
14%
Πέλλας
0%
No matching quizzes found
Score Distribution
Percent of People with Each Score
Percentile by Number Answered
Your Score History
You have not taken this quiz